Luck, or cunning, as the main means of organic modification? : (An attempt to throw additional light upon Darwin's theory of natural selection /

Bibliographic Details
Main Author: Butler, Samuel, 1835-1902
Format: Book
Language:English
Published: London : Cape, (1920)
Edition:(2d ed., re-set,
Subjects:

MARC

Tag First Indicator Second Indicator Subfields
LEADER 00000cam a2200000 4500
001 in00000040052
005 20151007070509.0
008 760813r19201886enk 00010 eng d
010 |a  23007178  
035 |a (OCoLC)02371075 
035 |9 AAE4135AM 
040 |a KSU  |c KSU  |d TXA  |d UtOrBLW 
049 |a TXAM  |c [50911] 
050 0 |a QH366  |b .B85 
092 |a 575  |b B986u 
100 1 |a Butler, Samuel,  |d 1835-1902. 
245 1 0 |a Luck, or cunning, as the main means of organic modification? :  |b (An attempt to throw additional light upon Darwin's theory of natural selection /  |c by) Samuel Butler ... 
250 |a (2d ed., re-set,  |b with author's corrections and additions to index). 
264 1 |a London :  |b Cape,  |c (1920) 
300 |a 282 pages ;  |c 20 cm. 
336 |a text  |b txt  |2 rdacontent 
337 |a unmediated  |b n  |2 rdamedia 
338 |a volume  |b nc  |2 rdacarrier 
500 |a "A reprint of the first edition, dated 1887, but actually published in November, 1886."--Note. 
650 0 |a Evolution. 
650 0 |a Natural selection. 
999 |a MARS 
999 f f |s 5936ed80-336f-3d14-9e78-0fa76a09dbc4  |i 1279faf6-e325-3600-835e-5e2e6ca107db  |t 0 
952 f f |p ric  |a Texas A&M University  |b Rellis Campus  |c Joint Library Facility  |d Remote Storage  |t 0  |e QH366 .B85  |h Library of Congress classification  |i unmediated -- volume  |m A14800976795 
998 f f |a QH366 .B85  |t 0  |l Remote Storage